| 000 | 01137nam a22002417a 4500 | ||
|---|---|---|---|
| 005 | 2010032704094.0 | ||
| 008 | 100327t xxu||||| |||| 00| 0 hin d | ||
| 010 | _aHIN-89188 | ||
| 020 |
_a9788183613026 _c200.00 |
||
| 035 | _aHN-61534 | ||
| 037 | _bDBAD / PUB | ||
| 040 |
_aDPL _bHN |
||
| 082 | _a791.437 | ||
| 100 |
_aभंडारी, मन्नू _916346 |
||
| 245 |
_aरजनीगन्धाः पटकथा / _cमन्नू भंडारी एवं बासु चटर्जी |
||
| 246 |
_aRajnigandha: Patkatha/ _bby Mannu Bhandari & Basu Chatterjee |
||
| 260 |
_aनई दिल्ली _bराधाकृष्ण प्रकाशन _c2009 |
||
| 270 |
_a7/31, अंसारी मार्ग, दरियागंज _bनई दिल्ली _e110002 |
||
| 300 |
_a128पृ _c22सेमी (सजिल्द) |
||
| 700 |
_aचटर्जी, बासु _916347 |
||
| 942 |
_2ddc _cHN _mभंडारी |
||
| 999 |
_c34867 _d34867 |
||